Flagship of a fleet : a Korea Gallery guide /

محفوظ في:

المؤلف الرئيسي: Taylor, Paul Michael, 1953- (مؤلف)

مؤلف مشترك: National Museum of Natural History (U.S.). Asian Cultural History Program.

مؤلفون آخرون: Lotis, Christopher J.‪ 1977-

التنسيق: كتاب

اللغة: English

منشور في: Washington, D.C. : [Asian Cultural History Program, Department of Anthropology, Smithsonian Institution], 2008.

الطبعة: 1st ed.

الموضوعات:

الوسوم: إضافة وسم

لا توجد وسوم, كن أول من يضع وسما على هذه التسجيلة!

رقم الطلب: NX584.6 .A1 T39

LEADER 01439nam a22003017a 4500
003 OSt
005 20250915105432.0
008 250303s2008 dcua g bc 000 0 eng d
010 |a 2009377341 
020 |a 9780972455701 
040 |c ARCE Library 
043 |a a-ko--- 
050 1 4 |a NX584.6 .A1   |b T39 
100 1 |a Taylor, Paul Michael,  |d 1953-  |e author 
245 1 0 |a Flagship of a fleet :   |b a Korea Gallery guide /   |c Paul Michael Taylor, Christopher Lotis. 
250 |a 1st ed. 
264 1 |a Washington, D.C. :   |b [Asian Cultural History Program, Department of Anthropology, Smithsonian Institution],   |c 2008. 
300 |a 116 pages :   |b illustrations (chiefly color) ;   |c 23 cm. 
500 |a "Published in conjunction with the Korea Gallery, an exhibition co-curated by Paul Michael Taylor and Chang-su Cho Houchins, Asian Cultural History Program, National Museum of Natural History, Smithsonian Institution."--T.p. verso. 
504 |a Includes bibliographical references (p. 111-113). 
610 2 0 |a National Museum of Natural History (U.S.)  |v Guidebooks. 
610 2 0 |a National Museum of Natural History (U.S.).  |b Asian Cultural History Program. 
650 0 |a Arts, Korean  |z Washington (D.C.)  |v Guidebooks. 
700 1 |a Lotis, Christopher J.‪  |q (Christopher Josef),  |d 1977-  |9 34914 
710 2 |a National Museum of Natural History (U.S.).  |b Asian Cultural History Program. 
901 |a reviewed 
942 |c BK  |2 lcc 
999 |c 22218  |d 22218